| 000 | 00753nam0a2200253 4500 | ||
|---|---|---|---|
| 001 | RU\NLR\BIBL_A\012129943 | ||
| 005 | 20250623213040.0 | ||
| 010 | _95050 | ||
| 035 | _a(NLR Aleph) 012129943 | ||
| 090 |
_a13298291 _c13298291 |
||
| 100 | _a20191030d1956 |||y0rusy50 ca | ||
| 101 | 0 | _akir | |
| 102 | _aKG | ||
| 105 | _ay z 000gy | ||
| 200 | 1 |
_aБаяс _e(ыр менен жазылган повесть) _fБ. Сарногоев |
|
| 210 |
_aФрунзе _cКыргызмамбас _d1956 |
||
| 215 |
_a126,[2] c. _d20 |
||
| 541 | 1 |
_aБаяс _e(стихи и поэма) _zrus |
|
| 686 | 1 | _aШ6(2=Ки)7-5 | |
| 700 | 1 |
_aСарногоев _bБ. _f1932-2004 _gБайдылда _4070 |
|
| 852 |
_aNLR _bОНЛ |
||
| 942 | _cBOOK | ||
| 980 | _aNB | ||